Statistics for Top 200 Girls' Names in France (2010)

Click here to take the quiz!

General Stats

  • This quiz has been taken 2,419 times
  • The average score is 36 of 199

Answer Stats

Answer % Correct
33Marie
85%
36Anna
74%
1Emma
69%
66Sara
65%
44Julie
63%
170Sophie
61%
32Charlotte
58%
25Lou
58%
40Laura
56%
3Chloé
54%
74Olivia
53%
2Léa
53%
45Julia
52%
10Louise
51%
124Amélie
51%
46Rose
47%
24Alice
46%
63Emilie
46%
16Eva
46%
11Zoé
44%
26Lisa
43%
182Claire
42%
51Elisa
42%
15Clara
41%
21Juliette
41%
41Lily
39%
9Sarah
39%
177Mia
39%
90Victoria
39%
28Jeanne
37%
38Pauline
35%
22Lucie
35%
158Rachel
35%
8Camille
35%
48Elise
34%
191Amelia
34%
37Nina
33%
67Gabrielle
31%
13Lena
30%
43Alicia
29%
70Marion
29%
4Manon
28%
6Lola
28%
155Lili
28%
55Mélissa
27%
190Diane
27%
193Helena
27%
196Louisa
27%
69Sofia
26%
172Carla
26%
194Joséphine
25%
101Marine
25%
53Elsa
25%
30Mathilde
25%
62Eloise
24%
142Nora
24%
195Lara
24%
59Elena
24%
17Lina
24%
85Adéle
23%
84lise
23%
56Justine
23%
52Margot
23%
104Lila
21%
111Andrea
21%
7Jade
21%
5Inés
20%
18Anais
20%
73Maya
19%
82Elea
19%
187Estelle
18%
27Clémence
18%
163Iris
18%
50Luna
18%
77Mila
18%
34Noémie
17%
139Flora
17%
110Victoire
17%
108Clementine
17%
128Lilia
17%
35Celia
16%
161Violette
16%
132Fanny
15%
145Alexia
15%
96Stella
15%
87Amandine
15%
92Héloise
14%
47Margaux
14%
76Valentine
14%
39Lana
14%
184Kelly
13%
31Océane
13%
123Angelina
13%
58Agathe
13%
42Léonie
13%
121Alyssa
13%
80Morgane
12%
171Charlie
12%
20Romane
12%
151Lilly
12%
118Cassandra
11%
131Clarisse
11%
120Constance
11%
198Serena
11%
165Maely
11%
54Maelle
10%
107Charline
10%
168Selena
10%
143Leila
10%
174Céleste
10%
29Louane
10%
14Maelys
10%
12Lilou
10%
64Yasmine
10%
57Maeva
10%
130Eléonore
9%
78Salomé
9%
122Tess
9%
116Myriam
9%
157Lou-Ann
8%
188Ema
8%
137Soléne
8%
186Angéle
8%
176Melinda
8%
135Sasha
8%
100Cloé
8%
127Clea
8%
109Anae
8%
23Ambre
8%
102Alix
8%
89Emmy
7%
126Coline
7%
72Capucine
7%
71Leana
7%
113Elina
7%
154Anouk
7%
180Laurine
7%
93Ninon
7%
169Tessa
7%
49Melina
7%
125Lucile
7%
19Louna
7%
146Eline
7%
94Candice
6%
175Naomie
6%
148Cassandre
6%
144Roxane
6%
181Maia
6%
68Anaelle
6%
65Faustine
6%
136Axelle
6%
192Emeline
6%
134Lily-Rose
6%
164Amina
6%
86Méline
5%
81Emy
5%
88Zelie
5%
173Maryam
5%
61Leane
5%
166Lou-Anne
5%
200Louanne
5%
129Garance
5%
160Romy
5%
117Nour
5%
156Anissa
5%
138Chiara
5%
115Eden
4%
79Aya
4%
133Selma
4%
60Inaya
4%
119Enora
4%
178Farah
4%
114Lison
4%
167Lya
4%
99Apolline
4%
159Camelia
4%
95Lyna
4%
152Salma
3%
153Sirine
3%
149Hanae
3%
83Kenza
3%
91Assia
3%
103Loane
3%
98Thais
3%
185Noelie
3%
162Maelie
2%
197Imane
2%
106Enola
2%
75Maissa
2%
183Sana
2%
112Shana
2%
147Mailys
2%
179Kelya
2%
150Maeline
2%
105Lylou
2%
97Manel
2%
189Llona
1%
140Marwa
1%
141Laly
1%

Score Distribution

Percentile by Number Answered

Percent of People with Each Score

Your Score History

You have not taken this quiz